| 000 | 00620pam a2200193 a 4500 | ||
|---|---|---|---|
| 020 | _a1559346140 | ||
| 040 | _cDLC | ||
| 082 | 0 | 0 | _a100 MAY 1999 A001 Or. |
| 100 | 1 | _aSchick, Theodore. | |
| 245 | 1 | 0 |
_aDoing philosophy : _ban introduction through thought experiments / |
| 260 |
_aMountain View, Calif. : _bMayfield Pub., _cc1999. |
||
| 300 |
_axix, 471 p. : _bill. ; _c24 cm. |
||
| 650 | 0 | _aPhilosophy | |
| 650 | 0 | _aThought experiments. | |
| 700 | 1 | _aVaughn, Lewis. | |
| 856 | 4 | 2 | _uhttp://www.loc.gov/catdir/description/mh024/98019784.html |
| 856 | 4 | 1 | _uhttp://www.loc.gov/catdir/toc/mh023/98019784.html |
| 942 | _cEK | ||
| 999 |
_c14055 _d14055 |
||